[Event "Niederbayrische Einzelmeisterschaft"]
[Site "Mamming"]
[Date "2011.03.10"]
[Round "1.1"]
[White "Holzer, Richard"]
[Black "Schultes, Christoph"]
[Result "1-0"]
[WhiteElo "2138"]
[BlackElo "1822"]
[PlyCount "80"]
[EventDate "2011.03.??"]
[EventType "swiss"]
[EventRounds "7"]
[EventCountry "GER"]
[SourceDate "2015.12.20"]
[SourceVersionDate "2015.12.20"]
[WhiteTeam "SK Passau 1869"]
[BlackTeam "SK Landau-Dingolfing"]

1. e4 c5 2. c3 d5 3. exd5 Qxd5 4. d4 Nf6 5. Nf3 Bg4 6. Be2 e6 7. Na3 Nc6 8. Be3
cxd4 9. Nb5 Qd7 10. Bxd4 Bxf3 11. Bxf3 Nxd4 12. Nxd4 e5 13. Qb3 exd4 14. O-O-O
Bc5 15. Rhe1+ Kf8 16. Bxb7 Rb8 17. Qc4 Qxb7 18. Qxc5+ Kg8 19. Qa3 dxc3 20. Qxc3
Qc8 21. Re7 Qxc3+ 22. bxc3 g6 23. Rxa7 Kg7 24. Re1 Ra8 25. Rxa8 Rxa8 26. Re2
Nd5 27. Rc2 Rc8 28. Kd2 Nb6 29. Ke2 Nc4 30. Kd3 Kf6 31. Re2 Ne5+ 32. Kd4 Rd8+
33. Kc5 Nd3+ 34. Kb5 Rb8+ 35. Kc4 Ne5+ 36. Kd5 Rd8+ 37. Kc5 Rd3 38. Rc2 Nd7+
39. Kb5 Rd1 40. c4 Ke5 1-0

[Event "Niederbayrische Einzelmeisterschaft"]
[Site "Mamming"]
[Date "2011.03.10"]
[Round "1.2"]
[White "Valenza, Guiseppe"]
[Black "Heiduczek, Franz"]
[Result "0-1"]
[WhiteElo "1788"]
[BlackElo "2137"]
[PlyCount "52"]
[EventDate "2011.03.??"]
[EventType "swiss"]
[EventRounds "7"]
[EventCountry "GER"]
[SourceDate "2015.12.20"]
[SourceVersionDate "2015.12.20"]
[WhiteTeam "SV Aham"]
[BlackTeam "SC Rottal"]

1. e4 e5 2. Nf3 d6 3. d4 exd4 4. Nxd4 Nf6 5. Nc3 Be7 6. Be2 O-O 7. O-O Re8 8.
Be3 Bf8 9. f3 Nbd7 10. Qd2 Nb6 11. Rad1 c6 12. a4 a5 13. Bf2 d5 14. exd5 Nbxd5
15. Nxd5 Nxd5 16. Bc4 Nb6 17. Bb3 Qf6 18. Ne2 c5 19. c3 Bd7 20. Nf4 Red8 21.
Nd5 Nxd5 22. Qxd5 Be6 23. Qxb7 Rdb8 24. Qe4 Bxb3 25. Rd2 Re8 26. Qb7 Bxa4 0-1

[Event "Niederbayrische Einzelmeisterschaft"]
[Site "Mamming"]
[Date "2011.03.10"]
[Round "1.3"]
[White "Kleibel, Uwe"]
[Black "Grum, Theodor"]
[Result "1-0"]
[WhiteElo "2079"]
[BlackElo "1777"]
[PlyCount "89"]
[EventDate "2011.03.??"]
[EventType "swiss"]
[EventRounds "7"]
[EventCountry "GER"]
[SourceDate "2015.12.20"]
[SourceVersionDate "2015.12.20"]
[WhiteTeam "SC Ortenburg 1894"]
[BlackTeam "SC Grafenau"]

1. d4 Nf6 2. Nf3 d5 3. c4 e6 4. Nc3 Bb4 5. cxd5 exd5 6. a3 Bxc3+ 7. bxc3 O-O 8.
Bg5 h6 9. Bh4 Nbd7 10. e3 g5 11. Bg3 Ne4 12. Bd3 Ndf6 13. Qc2 Bf5 14. Be5 Ng4
15. O-O f6 16. Bg3 Qd7 17. Nd2 Nxg3 18. hxg3 Bxd3 19. Qxd3 Rae8 20. Rfe1 f5 21.
c4 c6 22. a4 Nf6 23. Reb1 Re7 24. Nf3 Ng4 25. Rb3 Qe6 26. cxd5 Qxd5 27. Rc1 Qe4
28. Qc4+ Kh7 29. Nd2 Qd5 30. Qd3 Kg7 31. Rc5 Qe6 32. Qc3 f4 33. gxf4 gxf4 34.
e4 Qf6 35. Nf3 Rxe4 36. Rxb7+ Kg8 37. Rxc6 Re6 38. Qc4 Rfe8 39. Rxa7 Kh8 40.
Rxe6 Qxe6 41. Qc3 Qe2 42. d5+ Ne5 43. Nxe5 Rxe5 44. Qc8+ Re8 45. Qf5 1-0

[Event "Niederbayrische Einzelmeisterschaft"]
[Site "Mamming"]
[Date "2011.03.10"]
[Round "1.4"]
[White "Staller, Josef"]
[Black "Bielmeier, Ludwig"]
[Result "0-1"]
[WhiteElo "1705"]
[BlackElo "2023"]
[PlyCount "122"]
[EventDate "2011.03.??"]
[EventType "swiss"]
[EventRounds "7"]
[EventCountry "GER"]
[SourceDate "2015.12.20"]
[SourceVersionDate "2015.12.20"]
[WhiteTeam "SC Rottal"]
[BlackTeam "SV Deggendorf"]

1. e4 c6 2. a3 d5 3. e5 g6 4. d4 Bg7 5. Nf3 Bg4 6. Be2 Bxf3 7. Bxf3 e6 8. Be3
Qb6 9. Qc1 Ne7 10. Bg4 Nd7 11. Nd2 h5 12. Bh3 Nf5 13. Bxf5 gxf5 14. Nb3 O-O-O
15. Qd2 f6 16. f4 Rdg8 17. O-O-O Bf8 18. Rhg1 Rh6 19. Rde1 Rhg6 20. g3 Qa6 21.
Bf2 fxe5 22. dxe5 Be7 23. Qe2 Qxe2 24. Rxe2 c5 25. Rd1 h4 26. Red2 c4 27. Na5
hxg3 28. hxg3 Nc5 29. Re2 Rh8 30. b3 Ne4 31. Be1 Bxa3+ 32. Kb1 cxb3 33. Nxb3
Rh1 34. Ka2 Be7 35. Rd3 Bd8 36. Nd2 Ba5 37. Nf3 Bxe1 38. Rxe1 Rxe1 39. Nxe1
Rxg3 40. Nf3 Rg2 41. Kb2 a6 42. Nd4 Kd7 43. Rh3 Rg7 44. Rh8 Re7 45. Nb3 Kc7 46.
Nc1 Nc5 47. Ne2 Kb6 48. Rh6 Kb5 49. Nc3+ Kc4 50. Rh8 d4 51. Nb1 d3 52. Rc8 dxc2
53. Nd2+ Kd3 54. Rxc5 Kxd2 55. Rxc2+ Ke3 56. Rc4 Rd7 57. Kc3 Rd3+ 58. Kc2 Rd4
59. Rc7 Rb4 60. Kc3 Rb6 61. Rc4 Rc6 0-1

[Event "Niederbayrische Einzelmeisterschaft"]
[Site "Mamming"]
[Date "2011.03.10"]
[Round "1.5"]
[White "Mueller, Michael"]
[Black "Hofmann, Paul"]
[Result "1-0"]
[WhiteElo "2008"]
[BlackElo "1664"]
[PlyCount "51"]
[EventDate "2011.03.??"]
[EventType "swiss"]
[EventRounds "7"]
[EventCountry "GER"]
[SourceDate "2015.12.20"]
[SourceVersionDate "2015.12.20"]
[WhiteTeam "SC Bayerwald Regen/Zwiesel"]
[BlackTeam "FC Ergolding 1932"]

1. e4 c6 2. d4 d5 3. Nc3 dxe4 4. Nxe4 Bf5 5. Ng3 Bg6 6. h4 h6 7. Nh3 Nf6 8. Nf4
Bh7 9. Bc4 e6 10. O-O Be7 11. Bxe6 fxe6 12. Nxe6 Qd7 13. Nxg7+ Kf7 14. Bxh6
Bxc2 15. Qxc2 Rxh6 16. N7f5 Rh8 17. Nxe7 Qxe7 18. Rfe1 Qc7 19. h5 Nxh5 20. Qf5+
Nf6 21. Qe6+ Kg6 22. Re4 Nbd7 23. Rg4+ Kh6 24. Qe3+ Kh7 25. Qe7+ Kh6 26. Qg7#
1-0

[Event "Niederbayrische Einzelmeisterschaft"]
[Site "Mamming"]
[Date "2011.03.10"]
[Round "1.6"]
[White "Reich, Christian"]
[Black "Palmi, Herbert"]
[Result "1/2-1/2"]
[WhiteElo "1647"]
[BlackElo "2001"]
[PlyCount "45"]
[EventDate "2011.03.??"]
[EventType "swiss"]
[EventRounds "7"]
[EventCountry "GER"]
[SourceDate "2015.12.20"]
[SourceVersionDate "2015.12.20"]
[WhiteTeam "SC Straubing"]
[BlackTeam "SC Bayerwald Regen/Zwiesel"]

1. e4 c5 2. c4 Nc6 3. Nf3 Nf6 4. Nc3 d6 5. d4 cxd4 6. Nxd4 g6 7. Be2 Bg7 8. O-O
O-O 9. Be3 Bd7 10. Rb1 Nxd4 11. Bxd4 Be6 12. Bf3 Nd7 13. Bxg7 Kxg7 14. b3 a6
15. a4 Ne5 16. Be2 Bd7 17. Kh1 Rb8 18. f4 Nc6 19. h3 f5 20. Bf3 Nb4 21. Nd5
Nxd5 22. exd5 b5 23. Qd4+ 1/2-1/2

[Event "Niederbayrische Einzelmeisterschaft"]
[Site "Mamming"]
[Date "2011.03.10"]
[Round "1.7"]
[White "Stroeher, Wolfgang"]
[Black "Grigore-Nikolitsch, Corneliu"]
[Result "1/2-1/2"]
[WhiteElo "1976"]
[BlackElo "1633"]
[PlyCount "52"]
[EventDate "2011.03.??"]
[EventType "swiss"]
[EventRounds "7"]
[EventCountry "GER"]
[SourceDate "2015.12.20"]
[SourceVersionDate "2015.12.20"]
[WhiteTeam "SC Straubing"]
[BlackTeam "SC Rottal"]

1. d4 Nf6 2. Bg5 Ne4 3. Bh4 g5 4. f3 gxh4 5. fxe4 d6 6. e3 e6 7. Qh5 h6 8. Nc3
Qg5 9. Qf3 c6 10. Nh3 Qg7 11. Nf4 Be7 12. Bc4 Rg8 13. Rf1 Qg4 14. Qf2 Rf8 15.
Be2 Qg5 16. O-O-O Nd7 17. d5 e5 18. Nd3 a6 19. dxc6 bxc6 20. b3 a5 21. Nb2 Kd8
22. Nc4 Kc7 23. Na4 Ba6 24. Qe1 Bxc4 25. Bxc4 Qxg2 26. Qc3 Ra7 1/2-1/2

[Event "Niederbayrische Einzelmeisterschaft"]
[Site "Mamming"]
[Date "2011.03.10"]
[Round "1.8"]
[White "Haimerl, Willibald"]
[Black "Popp, Michael"]
[Result "0-1"]
[WhiteElo "1612"]
[BlackElo "1967"]
[PlyCount "68"]
[EventDate "2011.03.??"]
[EventType "swiss"]
[EventRounds "7"]
[EventCountry "GER"]
[SourceDate "2015.12.20"]
[SourceVersionDate "2015.12.20"]
[WhiteTeam "SV Deggendorf"]
[BlackTeam "TV 1862 Geiselhöring"]

1. e4 g6 2. d4 Bg7 3. Nc3 c6 4. f4 d5 5. e5 h5 6. Be3 Bg4 7. Be2 Nh6 8. h3 Bxe2
9. Ngxe2 e6 10. Qd2 Nf5 11. Bf2 h4 12. O-O-O Bf8 13. Kb1 b5 14. g4 hxg3 15.
Nxg3 Ng7 16. Rde1 Be7 17. Nd1 Nd7 18. Ne3 Qb6 19. Ng4 a5 20. Qd3 Kd8 21. Ne3
Kc7 22. Ne2 b4 23. c4 bxc3 24. Nxc3 Nh5 25. Qc2 Kd8 26. Ne2 Rb8 27. Rd1 Ba3 28.
b3 Ng7 29. Rd3 Ke7 30. Nc3 Rhc8 31. Qd1 Nh5 32. Qf3 Ng7 33. h4 Qa6 34. h5 Qxd3+
0-1

[Event "Niederbayrische Einzelmeisterschaft"]
[Site "Mamming"]
[Date "2011.03.10"]
[Round "1.9"]
[White "Haselbeck, Franz"]
[Black "Thurnbauer, Alois"]
[Result "1-0"]
[WhiteElo "1966"]
[BlackElo "1607"]
[PlyCount "167"]
[EventDate "2011.03.??"]
[EventType "swiss"]
[EventRounds "7"]
[EventCountry "GER"]
[SourceDate "2015.12.20"]
[SourceVersionDate "2015.12.20"]
[WhiteTeam "SV Deggendorf"]
[BlackTeam "SC Ortenburg 1894"]

1. Nf3 c5 2. g3 Nc6 3. Bg2 e6 4. O-O Nf6 5. d3 Be7 6. e4 Qc7 7. Re1 d6 8. Nbd2
O-O 9. a4 b6 10. Nc4 Bb7 11. c3 Rad8 12. Qe2 Ba6 13. Bf4 Bxc4 14. dxc4 Ne5 15.
Rad1 Ng6 16. Bc1 Ne5 17. Nh4 Nfd7 18. f4 Nc6 19. Nf3 Nf6 20. h3 Rfe8 21. g4 g6
22. Nh2 Bf8 23. Bf3 Na5 24. g5 Nd7 25. Ng4 Bg7 26. h4 f5 27. Nf2 Nb3 28. Be3
Nf8 29. exf5 exf5 30. Bd5+ Kh8 31. Qc2 Na5 32. Nd3 Nc6 33. Qh2 Ne7 34. Bf7 Nc8
35. Bxe8 Rxe8 36. Bf2 Re4 37. Rxe4 fxe4 38. Nc1 Qc6 39. Bg3 Qxa4 40. Qe2 Qd7
41. Kg2 Qc6 42. Re1 d5 43. cxd5 Qxd5 44. Qxe4 Qd2+ 45. Qe2 Qd5+ 46. Kh2 Nd6 47.
Rd1 Qc6 48. Qg2 Qxg2+ 49. Kxg2 Nf5 50. Rd8 Kg8 51. Nd3 Kf7 52. Ra8 a5 53. Bf2
Nd7 54. Kf3 h6 55. Ke4 hxg5 56. hxg5 Ke6 57. Ra6 Nd6+ 58. Kf3 Kd5 59. Ra8 Kc4
60. Ra7 Kxd3 61. Rxd7 Bf8 62. f5 Kc2 63. fxg6 Nc4 64. Rf7 Ne5+ 65. Ke4 Nxf7 66.
gxf7 Kxb2 67. c4 a4 68. Bg3 a3 69. Be5+ Kb1 70. g6 a2 71. g7 Bd6 72. f8=Q Bxe5
73. g8=Q a1=Q 74. Qf1+ Kc2 75. Qgg2+ Kb3 76. Qxa1 Bxa1 77. Kd3 Bd4 78. Qc6 Bc3
79. Qb5+ Bb4 80. Qxb6 Kb2 81. Ke4 Kb3 82. Kd5 Ka4 83. Qb5+ Ka3 84. Qxc5 1-0

[Event "Niederbayrische Einzelmeisterschaft"]
[Site "Mamming"]
[Date "2011.03.10"]
[Round "1.10"]
[White "Haider, Andreas"]
[Black "Christlmaier, Martin"]
[Result "0-1"]
[WhiteElo "1562"]
[BlackElo "1934"]
[PlyCount "84"]
[EventDate "2011.03.??"]
[EventType "swiss"]
[EventRounds "7"]
[EventCountry "GER"]
[SourceDate "2015.12.20"]
[SourceVersionDate "2015.12.20"]
[WhiteTeam "SV Aham"]
[BlackTeam "SK Landau-Dingolfing"]

1. e4 e5 2. Nf3 Nc6 3. Bc4 Bc5 4. Nc3 Nf6 5. d3 d6 6. Ng5 O-O 7. h3 Na5 8. b3
c6 9. a3 Bd4 10. Bd2 b5 11. Bxf7+ Rxf7 12. Nxf7 Kxf7 13. b4 Nb7 14. Qb1 Nh5 15.
Qb3+ Be6 16. Qb2 Qh4 17. O-O-O Bxf2 18. Ne2 Ng3 19. Nxg3 Qxg3 20. Rdf1 Kg8 21.
Be1 Be3+ 22. Kb1 Qxg2 23. c3 Qxb2+ 24. Kxb2 Rf8 25. Rxf8+ Kxf8 26. Rf1+ Bf4 27.
h4 h6 28. Bf2 a6 29. Bg3 g5 30. Kc2 Nd8 31. Rf2 Ke7 32. Bxf4 exf4 33. hxg5 hxg5
34. Rh2 Nf7 35. Kd2 Kf6 36. Ke2 g4 37. Rh1 Kg5 38. Rc1 Ne5 39. Rh1 g3 40. d4
Bc4+ 41. Kd1 Ng6 42. Ke1 f3 0-1

[Event "Niederbayrische Einzelmeisterschaft"]
[Site "Mamming"]
[Date "2011.03.10"]
[Round "1.11"]
[White "Woitylak, Steffen"]
[Black "Huber, Florian"]
[Result "1-0"]
[WhiteElo "1928"]
[BlackElo "1394"]
[PlyCount "77"]
[EventDate "2011.03.??"]
[EventType "swiss"]
[EventRounds "7"]
[EventCountry "GER"]
[SourceDate "2015.12.20"]
[SourceVersionDate "2015.12.20"]
[WhiteTeam "TV 1862 Geiselhöring"]
[BlackTeam "SK Landau-Dingolfing"]

1. Nf3 d5 2. b3 Nf6 3. Bb2 Bf5 4. e3 c5 5. Bb5+ Nbd7 6. O-O a6 7. Be2 e6 8. Nh4
Bg6 9. f4 Ne4 10. Nf3 Nef6 11. Ne5 Nxe5 12. fxe5 Nd7 13. d4 cxd4 14. exd4 Rc8
15. c3 Be7 16. Nd2 b5 17. Kh1 O-O 18. a4 Qb6 19. Rf3 Bh5 20. Rg3 Bg6 21. b4 Ra8
22. Nb3 Qc6 23. Na5 Qb6 24. axb5 axb5 25. Qf1 Rfb8 26. Qf4 Rf8 27. h4 Bf5 28.
Bg4 Bxg4 29. Qxg4 g6 30. Bc1 Rfe8 31. h5 Bf8 32. hxg6 fxg6 33. Bg5 Be7 34. Bh6
Bf8 35. Bd2 Nb8 36. Rf1 Nc6 37. Rf6 Nxa5 38. Rxg6+ Kf7 39. Rg7+ 1-0

[Event "Niederbayrische Einzelmeisterschaft"]
[Site "Mamming"]
[Date "2011.03.10"]
[Round "1.12"]
[White "Oberpriller, Katharina"]
[Black "Thanner, Daniel"]
[Result "0-1"]
[WhiteElo "1556"]
[BlackElo "1855"]
[PlyCount "76"]
[EventDate "2011.03.??"]
[EventType "swiss"]
[EventRounds "7"]
[EventCountry "GER"]
[SourceDate "2015.12.20"]
[SourceVersionDate "2015.12.20"]
[WhiteTeam "FC Ergolding 1932"]
[BlackTeam "SC Ortenburg 1894"]

1. d4 f5 2. Nf3 Nf6 3. g3 g6 4. Bg2 Bg7 5. b3 d6 6. Bb2 O-O 7. O-O Qe8 8. c4
Nbd7 9. d5 Nc5 10. Nc3 a6 11. Qc2 Rb8 12. Nd2 e5 13. dxe6 Bxe6 14. Rfe1 Qf7 15.
Nf3 h6 16. Nd4 c6 17. Rad1 Rbd8 18. e3 Nfe4 19. Rf1 Rfe8 20. Nce2 Bc8 21. Nf4
g5 22. Nd3 Nxd3 23. Rxd3 d5 24. cxd5 Rxd5 25. Rfd1 Red8 26. Bc1 Qd7 27. Bxe4
fxe4 28. R3d2 Qe8 29. Ne2 Bg4 30. Rxd5 cxd5 31. Rf1 Qh5 32. Nd4 Bh3 33. f4 Bxf1
34. Kxf1 Bxd4 35. exd4 Qf3+ 36. Kg1 Qg4 37. Be3 Rc8 38. Qf2 Qd1+ 0-1

[Event "Niederbayrische Einzelmeisterschaft"]
[Site "Mamming"]
[Date "2011.03.10"]
[Round "1.13"]
[White "Strangmueller, Andreas"]
[Black "Seidl, Josef"]
[Result "0-1"]
[WhiteElo "1852"]
[BlackElo "1312"]
[PlyCount "77"]
[EventDate "2011.03.??"]
[EventType "swiss"]
[EventRounds "7"]
[EventCountry "GER"]
[SourceDate "2015.12.20"]
[SourceVersionDate "2015.12.20"]
[WhiteTeam "SK Landshut"]
[BlackTeam "TSV Kreuzberg"]

1. d4 e6 2. c4 b6 3. Nc3 Bb7 4. a3 Nf6 5. Bg5 Be7 6. e3 d6 7. Nf3 Nbd7 8. Qc2
h6 9. Bh4 c5 10. dxc5 Nxc5 11. Rd1 Qc7 12. Nb5 Qb8 13. b4 Ncd7 14. Be2 a6 15.
Nc3 Qc7 16. O-O O-O 17. Qb3 Kh8 18. Rc1 Ng8 19. Bg3 Ne5 20. c5 Nxf3+ 21. Bxf3
Bxf3 22. cxd6 Bxd6 23. Ne4 Qa7 24. Nxd6 Bd5 25. Qb2 Nf6 26. Be5 Nh5 27. e4 f6
28. Bd4 Qd7 29. exd5 Qxd6 30. dxe6 Qxe6 31. Rfe1 Qg4 32. h3 Qg6 33. Be3 Rfe8
34. Kh1 Re4 35. Qc2 Rae8 36. f3 Ng3+ 37. Kh2 Nf5 38. Qxe4 Qg3+ 39. Kh1 0-1

[Event "Niederbayrische Einzelmeisterschaft"]
[Site "Mamming"]
[Date "2011.03.10"]
[Round "1.14"]
[White "Lenhard, Alexander"]
[Black "Golder, Waldemar"]
[Result "0-1"]
[WhiteElo "1226"]
[BlackElo "1824"]
[PlyCount "76"]
[EventDate "2011.03.??"]
[EventType "swiss"]
[EventRounds "7"]
[EventCountry "GER"]
[SourceDate "2015.12.20"]
[SourceVersionDate "2015.12.20"]
[WhiteTeam "SV Deggendorf"]
[BlackTeam "FC Ergolding 1932"]

1. e4 c5 2. Nf3 e6 3. Nc3 a6 4. d4 cxd4 5. Nxd4 Qc7 6. Be2 Nf6 7. O-O Nc6 8.
Nf3 Bb4 9. Bd2 O-O 10. a3 Bxc3 11. Bxc3 Nxe4 12. Be5 Nxe5 13. Bd3 Nxd3 14. Qxd3
d5 15. b3 b5 16. Rac1 Qc3 17. Qe2 Bb7 18. Rfd1 Rac8 19. Nd4 Qc5 20. b4 Qb6 21.
Qh5 Rc4 22. c3 Rfc8 23. Rd3 Rxd4 24. Rf3 Nf6 25. Qg5 Rg4 26. Qe5 d4 27. c4 Bxf3
28. Kf1 Bxg2+ 29. Ke1 Re4+ 30. Qxe4 Nxe4 31. c5 Nxc5 32. bxc5 Rxc5 33. Rd1 Re5+
34. Kd2 Qa5+ 35. Kc2 Qc3+ 36. Kb1 Re2 37. Rd2 Rxd2 38. a4 Qb2# 0-1

[Event "Niederbayrische Einzelmeisterschaft"]
[Site "Mamming"]
[Date "2011.03.10"]
[Round "1.15"]
[White "Hirtreiter, Alexander"]
[Black "Meier, Hans"]
[Result "1-0"]
[WhiteElo "1822"]
[BlackElo "1103"]
[PlyCount "43"]
[EventDate "2011.03.??"]
[EventType "swiss"]
[EventRounds "7"]
[EventCountry "GER"]
[SourceDate "2015.12.20"]
[SourceVersionDate "2015.12.20"]
[WhiteTeam "SK Landau-Dingolfing"]
[BlackTeam "SV Aham"]

1. e4 e5 2. Nc3 Nf6 3. f4 Nc6 4. fxe5 Nxe5 5. d4 Ng6 6. Bc4 d6 7. Nf3 h6 8. O-O
Be7 9. Qd3 Bg4 10. Bd2 Nh5 11. Bxf7+ Kxf7 12. Ne5+ Ke8 13. Nxg6 Rg8 14. Qc4 Kd7
15. Nxe7 Rf8 16. Ng6 Rf6 17. Qb5+ Kc8 18. Rxf6 Qxf6 19. Qe8+ Qd8 20. Ne7+ Kb8
21. Qxd8+ Bc8 22. Qxc8# 1-0

[Event "Niederbayrische Einzelmeisterschaft"]
[Site "Mamming"]
[Date "2011.03.10"]
[Round "2.1"]
[White "Christlmaier, Martin"]
[Black "Holzer, Richard"]
[Result "0-1"]
[WhiteElo "1934"]
[BlackElo "2138"]
[PlyCount "90"]
[EventDate "2011.03.??"]
[EventType "swiss"]
[EventRounds "7"]
[EventCountry "GER"]
[SourceDate "2015.12.20"]
[SourceVersionDate "2015.12.20"]
[WhiteTeam "SK Landau-Dingolfing"]
[BlackTeam "SK Passau 1869"]

1. e4 e5 2. Nf3 Nc6 3. Bb5 a6 4. Bxc6 dxc6 5. O-O Bg4 6. d3 Qf6 7. Nbd2 Bd6 8.
Qe1 Ne7 9. d4 Ng6 10. c3 O-O 11. dxe5 Nxe5 12. Nxe5 Qxe5 13. f4 Qe7 14. e5 Bc5+
15. Kh1 Bf5 16. Nb3 Ba7 17. Be3 Bxe3 18. Qxe3 Rfe8 19. Nd4 Bd7 20. Qg3 f6 21.
Rae1 fxe5 22. fxe5 Be6 23. Nxe6 Qxe6 24. Rf6 Qxa2 25. Rf2 Qe6 26. Rf4 Rf8 27.
Ref1 Rxf4 28. Qxf4 Re8 29. h3 h6 30. Re1 Rf8 31. Qb4 b6 32. Qd4 a5 33. Qd2 Re8
34. Qe2 Re7 35. Rd1 Qxe5 36. Rd8+ Kf7 37. Qc4+ Qe6 38. Qf1+ Kg6 39. Qd3+ Qf5
40. Qg3+ Kh7 41. Rd2 Qb1+ 42. Kh2 Re1 43. Qxc7 Rh1+ 44. Kg3 Qg6+ 45. Kf2 Qf5+
0-1

[Event "Niederbayrische Einzelmeisterschaft"]
[Site "Mamming"]
[Date "2011.03.10"]
[Round "2.2"]
[White "Heiduczek, Franz"]
[Black "Haselbeck, Franz"]
[Result "1-0"]
[WhiteElo "2137"]
[BlackElo "1966"]
[PlyCount "113"]
[EventDate "2011.03.??"]
[EventType "swiss"]
[EventRounds "7"]
[EventCountry "GER"]
[SourceDate "2015.12.20"]
[SourceVersionDate "2015.12.20"]
[WhiteTeam "SC Rottal"]
[BlackTeam "SV Deggendorf"]

1. e4 d5 2. exd5 Qxd5 3. Nc3 Qd6 4. d4 Nf6 5. Nf3 a6 6. g3 Nc6 7. Bg2 Bg4 8.
O-O e6 9. Bf4 Qd8 10. h3 Bh5 11. g4 Bg6 12. Ne5 Nd5 13. Nxd5 exd5 14. Nxc6 bxc6
15. Re1+ Be7 16. Qe2 Kf8 17. c4 h5 18. cxd5 hxg4 19. hxg4 cxd5 20. Rac1 Bb4 21.
Bxc7 Qg5 22. f4 Qh4 23. Bxd5 Bxe1 24. Bxa8 Qg3+ 25. Bg2 Bf2+ 26. Qxf2 Rh1+ 27.
Kxh1 Qxf2 28. f5 Qh4+ 29. Bh2 Bh7 30. Rc8+ Ke7 31. Rc7+ Kf6 32. Bf3 Qe1+ 33.
Kg2 Qd2+ 34. Kh3 Qxd4 35. Rc6+ Kg5 36. Rxa6 Qf2 37. Ra3 g6 38. f6 Kxf6 39. Bg3
Qxb2 40. Ra5 Qb6 41. g5+ Ke7 42. Rd5 Qa6 43. Rd2 Qf1+ 44. Kg4 Qg1 45. Rf2 Bg8
46. Bd5 Qd1+ 47. Bf3 Qd7+ 48. Kh4 f5 49. gxf6+ Kf8 50. Be5 Be6 51. Rb2 Bd5 52.
Rd2 Qa4+ 53. Rd4 Qxd4+ 54. Bxd4 Bxf3 55. Kg5 Kf7 56. a4 Bc6 57. a5 1-0

[Event "Niederbayrische Einzelmeisterschaft"]
[Site "Mamming"]
[Date "2011.03.10"]
[Round "2.3"]
[White "Thanner, Daniel"]
[Black "Kleibel, Uwe"]
[Result "0-1"]
[WhiteElo "1855"]
[BlackElo "2079"]
[PlyCount "98"]
[EventDate "2011.03.??"]
[EventType "swiss"]
[EventRounds "7"]
[EventCountry "GER"]
[SourceDate "2015.12.20"]
[SourceVersionDate "2015.12.20"]
[WhiteTeam "SC Ortenburg 1894"]
[BlackTeam "SC Ortenburg 1894"]

1. d4 d5 2. Nf3 Nf6 3. e3 c5 4. b3 Nc6 5. Bb2 Bg4 6. Be2 e6 7. O-O Be7 8. Nbd2
O-O 9. Ne5 Bxe2 10. Qxe2 Nxe5 11. dxe5 Nd7 12. c4 dxc4 13. Nxc4 Qc7 14. f4 Rfd8
15. e4 Rac8 16. Rad1 Nf8 17. Nd6 Bxd6 18. exd6 Qa5 19. Qg4 g6 20. Bf6 Nd7 21.
Bxd8 Rxd8 22. e5 Qxa2 23. Qf3 Qa6 24. Qc3 Qb6 25. Kh1 Qb5 26. Qc4 Qxc4 27. bxc4
a5 28. g4 g5 29. Rde1 gxf4 30. Rxf4 Ra8 31. Kg2 a4 32. Kf3 a3 33. Ke4 Ra4 34.
Kd3 b5 35. Kc3 b4+ 36. Kb3 Ra7 37. Re2 Kf8 38. Rf3 Nb8 39. Rfe3 Nc6 40. Re4
Nd4+ 41. Rxd4 cxd4 42. Re1 d3 43. c5 a2 44. Ra1 d2 45. c6 Ke8 46. Kxb4 d1=Q 47.
Rxd1 a1=Q 48. Rxa1 Rxa1 49. Kc5 Rb1 0-1

[Event "Niederbayrische Einzelmeisterschaft"]
[Site "Mamming"]
[Date "2011.03.10"]
[Round "2.4"]
[White "Bielmeier, Ludwig"]
[Black "Woitylak, Steffen"]
[Result "1-0"]
[WhiteElo "2023"]
[BlackElo "1928"]
[PlyCount "89"]
[EventDate "2011.03.??"]
[EventType "swiss"]
[EventRounds "7"]
[EventCountry "GER"]
[SourceDate "2015.12.20"]
[SourceVersionDate "2015.12.20"]
[WhiteTeam "SV Deggendorf"]
[BlackTeam "TV 1862 Geiselhöring"]

1. c4 c5 2. g3 Nc6 3. Bg2 Nf6 4. Nf3 g6 5. Nc3 Bg7 6. O-O O-O 7. d4 cxd4 8.
Nxd4 Qb6 9. Nb3 d6 10. Bg5 Be6 11. Nd5 Bxd5 12. cxd5 Ne5 13. Be3 Qb4 14. Bd4
Ned7 15. e4 a5 16. Bc3 Qb6 17. Bd4 Qb4 18. a3 Qa4 19. Re1 Nh5 20. Bxg7 Nxg7 21.
Bh3 Rfd8 22. f4 Qb5 23. Re2 Rac8 24. Nd4 Qb6 25. Kh1 Rc4 26. Rd2 Nf6 27. Bf1
Rc5 28. Bg2 Rdc8 29. Bf3 h5 30. Ne2 Ng4 31. Bxg4 hxg4 32. Nc3 f5 33. Na4 Qb5
34. Nxc5 Qxc5 35. exf5 Nxf5 36. Qe2 Kg7 37. Re1 Re8 38. Qxg4 Ne3 39. Qf3 Nf5
40. Kg2 Qc8 41. Qc3+ Qxc3 42. bxc3 Rc8 43. Rd3 Kf7 44. Rb1 Rc7 45. Rb5 1-0

[Event "Niederbayrische Einzelmeisterschaft"]
[Site "Mamming"]
[Date "2011.03.10"]
[Round "2.5"]
[White "Golder, Waldemar"]
[Black "Mueller, Michael"]
[Result "1/2-1/2"]
[WhiteElo "1824"]
[BlackElo "2008"]
[PlyCount "37"]
[EventDate "2011.03.??"]
[EventType "swiss"]
[EventRounds "7"]
[EventCountry "GER"]
[SourceDate "2015.12.20"]
[SourceVersionDate "2015.12.20"]
[WhiteTeam "FC Ergolding 1932"]
[BlackTeam "SC Bayerwald Regen/Zwiesel"]

1. c4 d6 2. Nc3 g6 3. g3 Bg7 4. Bg2 e5 5. e4 Nd7 6. Nge2 Ne7 7. O-O O-O 8. d3
c6 9. Be3 f5 10. f4 Nf6 11. h3 Be6 12. b3 Qc7 13. Rc1 Bf7 14. Qd2 Rad8 15. Rfd1
Qb8 16. Kh2 Rfe8 17. Qc2 Bh6 18. Qd2 Bg7 19. Rc2 1/2-1/2

[Event "Niederbayrische Einzelmeisterschaft"]
[Site "Mamming"]
[Date "2011.03.10"]
[Round "2.6"]
[White "Popp, Michael"]
[Black "Hirtreiter, Alexander"]
[Result "1/2-1/2"]
[WhiteElo "1967"]
[BlackElo "1822"]
[PlyCount "38"]
[EventDate "2011.03.??"]
[EventType "swiss"]
[EventRounds "7"]
[EventCountry "GER"]
[SourceDate "2015.12.20"]
[SourceVersionDate "2015.12.20"]
[WhiteTeam "TV 1862 Geiselhöring"]
[BlackTeam "SK Landau-Dingolfing"]

1. d4 d5 2. Nf3 Nf6 3. c4 c6 4. Qc2 g6 5. e3 Bf5 6. Bd3 Bxd3 7. Qxd3 Nbd7 8. b3
Bg7 9. Nbd2 O-O 10. O-O Re8 11. Bb2 e6 12. Rad1 Qc7 13. Rfe1 Rac8 14. Rc1 Qd6
15. c5 Qc7 16. b4 Ng4 17. e4 f5 18. e5 Qd8 19. a4 Nh6 1/2-1/2

[Event "Niederbayrische Einzelmeisterschaft"]
[Site "Mamming"]
[Date "2011.03.10"]
[Round "2.7"]
[White "Seidl, Josef"]
[Black "Stroeher, Wolfgang"]
[Result "0-1"]
[WhiteElo "1312"]
[BlackElo "1976"]
[PlyCount "82"]
[EventDate "2011.03.??"]
[EventType "swiss"]
[EventRounds "7"]
[EventCountry "GER"]
[SourceDate "2015.12.20"]
[SourceVersionDate "2015.12.20"]
[WhiteTeam "TSV Kreuzberg"]
[BlackTeam "SC Straubing"]

1. c4 e6 2. Nf3 f5 3. b3 Nf6 4. Bb2 Be7 5. g3 O-O 6. Bg2 d6 7. O-O c6 8. d3 a5
9. Nbd2 Na6 10. a3 e5 11. e3 Bd7 12. Ra2 Nc5 13. Ne1 Ne6 14. f4 Ng4 15. Nc2 Qb6
16. Qe2 exf4 17. gxf4 Rae8 18. h3 Nf6 19. Nd4 Nc5 20. Bc3 Bd8 21. Kh2 d5 22.
Rb1 Bc7 23. Rf1 Qa7 24. N2f3 Qb8 25. Qd2 Nh5 26. Ne2 Nxb3 27. Qb2 dxc4 28. dxc4
Nc5 29. Ne5 Bc8 30. Bf3 Na4 31. Bxh5 Nxb2 32. Bxe8 Rxe8 33. Rg1 Bxe5 34. fxe5
Nxc4 35. Nf4 Nxe5 36. Rag2 Nf3+ 37. Kh1 Nxg1 38. Rxg7+ Kf8 39. Rxh7 Rxe3 40.
Ng6+ Ke8 41. Bd4 Rxh3+ 0-1